[Event "CAN-ch U12"]
[Site "Sault Ste Marie"]
[Date "2017.07.07"]
[Round "3.68"]
[White "Eirew, David"]
[Black "Butchart, Kevin"]
[Result "0-1"]
[WhiteElo "678"]
[BlackElo "1363"]
[PlyCount "148"]
[EventDate "2017.07.06"]
[EventType "swiss"]
[EventRounds "7"]
[EventCountry "CAN"]
[SourceTitle "EXT 2022"]
[Source "ChessBase"]
[SourceDate "2021.10.06"]
[SourceVersion "1"]
[SourceVersionDate "2021.10.06"]
[SourceQuality "1"]

1. e4 c5 2. c4 e6 3. Nc3 Nc6 4. Nf3 d6 5. Be2 Nf6 6. 0-0 Be7 7. Qc2 a6 8. b3 Nb4 9. Qd1 d5 10. cxd5 exd5 11. d3 dxe4 12. dxe4 0-0 13. Bf4 Re8 14. a3 Nc6 15. Rc1 Nh5 16. Be3 Qxd1 17. Rfxd1 Be6 18. Bc4 Bxc4 19. bxc4 Rad8 20. Nd5 Nf6 21. Nxe7+ Rxe7 22. Bxc5 Rxd1+ 23. Rxd1 Rxe4 24. Bb4 h6 25. h3 Rxc4 26. Nd2 Rd4 27. Bc5 Rd5 28. Bb6 Ne4 29. Be3 Na5 30. Kf1 Nb3 31. Ke2 Nexd2 32. Bxd2 Rxd2+ 33. Rxd2 Nxd2 34. Kxd2 Kf8 35. Kd3 Ke7 36. Kc4 Kd6 37. a4 Kc6 38. a5 b5+ 39. Kb4 Kd5 40. f3 Kd4 41. Kb3 Kc5 42. g3 b4 43. h4 Kb5 44. g4 f6 45. f4 Kxa5 46. g5 Kb5 47. gxf6 gxf6 48. f5 a5 49. h5 a4+ 50. Kb2 Kc4 51. Kc2 a3 52. Kb1 Kc3 53. Ka1 b3 54. Kb1 a2+ 55. Ka1 Kd4 56. Kb2 Ke5 57. Ka1 Kxf5 58. Kb2 Kg5 59. Ka1 Kxh5 60. Kb2 f5 61. Ka1 Kg4 62. Kb2 h5 63. Ka1 f4 64. Kb2 h4 65. Ka1 f3 66. Kb2 h3 67. Ka1 f2 68. Kb2 h2 69. Kc3 a1Q+ 70. Kb4 Qc1 71. Kxb3 f1Q 72. Ka2 h1Q 73. Kb3 Qa6 74. Kb4 Qhb7# 0-1

[Event "CAN-ch U12"]
[Site "Sault Ste Marie"]
[Date "2017.07.06"]
[Round "2.60"]
[White "Butchart, Kevin"]
[Black "Rusonik, Max"]
[Result "0-1"]
[WhiteElo "1363"]
[BlackElo "1846"]
[PlyCount "64"]
[EventDate "2017.07.06"]
[EventType "swiss"]
[EventRounds "7"]
[EventCountry "CAN"]
[SourceTitle "EXT 2022"]
[Source "ChessBase"]
[SourceDate "2021.10.06"]
[SourceVersion "1"]
[SourceVersionDate "2021.10.06"]
[SourceQuality "1"]

1. e4 e5 2. Nf3 Nc6 3. Bc4 Bc5 4. c3 Nf6 5. d3 a6 6. Bb3 d6 7. h3 h6 8. 0-0 g5 9. Re1 g4 10. hxg4 Bxg4 11. Nbd2 Rg8 12. Nf1 Nh5 13. N1h2 Bh3 14. Ng5 Rxg5 15. Bxg5 Qxg5 16. Qf3 Nf4 17. g3 0-0-0 18. g4 h5 19. Qg3 Bxg4 20. Nxg4 hxg4 21. Kf1 Rh8 22. Qg1 Bxf2 23. Qxf2 Rh1+ 24. Qg1 Rxg1+ 25. Kxg1 Nh3+ 26. Kh1 Nf2+ 27. Kg2 Nxd3 28. Reb1 Qf4 29. Rf1 Qxe4+ 30. Kh2 Qe2+ 31. Kg1 g3 32. Bxf7 Qh2# 0-1

[Event "CAN-ch U08"]
[Site "Ottawa"]
[Date "2013.07.12"]
[Round "5"]
[White "Butchart, Kevin"]
[Black "Zhou, Aiden"]
[Result "0-1"]
[WhiteElo "810"]
[BlackElo "1136"]
[PlyCount "82"]
[EventDate "2013.07.10"]
[EventType "swiss"]
[EventRounds "6"]
[EventCountry "CAN"]
[SourceTitle "EXT 2022"]
[Source "ChessBase"]
[SourceDate "2021.10.06"]
[SourceVersion "1"]
[SourceVersionDate "2021.10.06"]
[SourceQuality "1"]

1. e4 c5 2. Nf3 e6 3. d3 Nc6 4. g3 g6 5. Bg2 Bg7 6. 0-0 Nge7 7. Qe2 e5 8. Re1 0-0 9. Nbd2 a6 10. h4 d6 11. Nf1 Be6 12. N1h2 b5 13. a3 Qb6 14. Be3 Nd4 15. Nxd4 cxd4 16. Bd2 a5 17. Red1 Rac8 18. Be1 Rc7 19. Rac1 Rfc8 20. Rd2 b4 21. axb4 axb4 22. b3 Bxb3 23. Qd1 Ba4 24. Re2 b3 25. Qd2 b2 26. Rb1 Bxc2 27. Nf3 Bxb1 28. Qxb2 Qxb2 29. Rxb2 Bxd3 30. Rd2 Bxe4 31. Re2 Bxf3 32. Bxf3 Rc2 33. Re4 f5 34. Re2 Rxe2 35. Bxe2 e4 36. Bd2 Rc2 37. Bg5 Rxe2 38. Bxe7 d3 39. Bxd6 d2 40. Bf4 d1Q+ 41. Kg2 Bd4 0-1

[Event "CAN-ch U08"]
[Site "Ottawa"]
[Date "2013.07.11"]
[Round "4"]
[White "Xu, Yaorui"]
[Black "Butchart, Kevin"]
[Result "0-1"]
[WhiteElo "1030"]
[BlackElo "810"]
[PlyCount "168"]
[EventDate "2013.07.10"]
[EventType "swiss"]
[EventRounds "6"]
[EventCountry "CAN"]
[SourceTitle "EXT 2022"]
[Source "ChessBase"]
[SourceDate "2021.10.06"]
[SourceVersion "1"]
[SourceVersionDate "2021.10.06"]
[SourceQuality "1"]

1. e4 c5 2. Nf3 e6 3. c4 Nf6 4. Nc3 a6 5. g3 Qc7 6. Bg2 Be7 7. 0-0 d6 8. d3 0-0 9. Re1 Nc6 10. b3 b6 11. Bb2 Bb7 12. Qd2 Rad8 13. Rad1 Rfe8 14. a4 Rb8 15. Ne2 Rbd8 16. Nf4 Rc8 17. Qe3 Rcd8 18. h3 Rd7 19. h4 h6 20. Bh3 Rdd8 21. Bxe6 Qb8 22. Bd5 Nxd5 23. Nxd5 Qc8 24. Nxb6 Qc7 25. Nd5 Qd7 26. Qf4 Qe6 27. Nc7 Qd7 28. Nxe8 Rxe8 29. Qf5 Qc7 30. e5 dxe5 31. Nxe5 Bf8 32. Qd7 Qxd7 33. Nxd7 Rd8 34. Nxf8 Rxf8 35. d4 cxd4 36. Bxd4 Rd8 37. Bc3 Rc8 38. Re2 Nb8 39. Rde1 Bc6 40. b4 Bxa4 41. c5 Kh7 42. Re7 Kg8 43. Ra1 Bb5 44. Rae1 Rd8 45. Kg2 Nc6 46. Re8+ Rxe8 47. Rxe8+ Kh7 48. h5 Nxb4 49. Re7 Nd5 50. Rxf7 Nxc3 51. c6 Bxc6+ 52. Kg1 Bb5 53. Rc7 Nd5 54. Rc5 Nf6 55. Kg2 Kg8 56. Kf3 Kf7 57. Ke3 Ke6 58. Kd4 Kd6 59. f3 Be2 60. f4 Bxh5 61. f5 Be2 62. Rc2 Bb5 63. Rc5 Ne4 64. Rd5+ Ke7 65. Kxe4 Bc6 66. Kd4 Bxd5 67. Kxd5 Kf6 68. g4 Kg5 69. f6 gxf6 70. Kc5 Kxg4 71. Kb6 h5 72. Kxa6 h4 73. Kb6 h3 74. Kc6 h2 75. Kd6 h1Q 76. Ke6 Qc6+ 77. Ke7 f5 78. Kf7 Qd6 79. Kg7 Qe6 80. Kh7 Qf6 81. Kg8 Qe7 82. Kh8 Kg5 83. Kg8 Kg6 84. Kh8 Qf8# 0-1

[Event "CAN-ch U08"]
[Site "Vancouver"]
[Date "2012.07.06"]
[Round "7"]
[White "Butchart, Kevin"]
[Black "Du, Daniel"]
[Result "0-1"]
[WhiteElo "704"]
[BlackElo "834"]
[PlyCount "62"]
[EventDate "2012.07.03"]
[EventType "swiss"]
[EventRounds "7"]
[EventCountry "CAN"]
[SourceTitle "EXT 2022"]
[Source "ChessBase"]
[SourceDate "2021.10.06"]
[SourceVersion "1"]
[SourceVersionDate "2021.10.06"]
[SourceQuality "1"]

1. e4 e5 2. Nf3 Nc6 3. Bb5 a6 4. Ba4 Nf6 5. d3 b5 6. Bb3 Bb7 7. Bg5 h6 8. Bh4 Be7 9. 0-0 0-0 10. Re1 d6 11. Nc3 Nd7 12. Bxe7 Qxe7 13. Nd5 Qd8 14. Qe2 Ne7 15. c4 Bxd5 16. cxd5 Ng6 17. Rac1 Nc5 18. Bd1 Nf4 19. Qe3 Ncxd3 20. Rc6 Nxe1 21. Nxe1 Rc8 22. Rxa6 Ra8 23. Qa3 Rxa6 24. Qxa6 Qb8 25. Qc6 Ng6 26. Nd3 Qb6 27. Qc3 Rc8 28. Nb4 Ne7 29. Qh3 Qd4 30. Bb3 Qxb4 31. Qd7 Qe1# 0-1

[Event "CAN-ch U08"]
[Site "Vancouver"]
[Date "2012.07.05"]
[Round "6"]
[White "James, Rowan"]
[Black "Butchart, Kevin"]
[Result "1-0"]
[WhiteElo "1052"]
[BlackElo "704"]
[PlyCount "89"]
[EventDate "2012.07.03"]
[EventType "swiss"]
[EventRounds "7"]
[EventCountry "CAN"]
[SourceTitle "EXT 2022"]
[Source "ChessBase"]
[SourceDate "2021.10.06"]
[SourceVersion "1"]
[SourceVersionDate "2021.10.06"]
[SourceQuality "1"]

1. e4 e5 2. Nf3 Nc6 3. Bc4 Bc5 4. c3 Nf6 5. d3 d6 6. Be3 Bg4 7. 0-0 Qe7 8. Nbd2 0-0 9. Qb3 Bb6 10. h3 Be6 11. Bxe6 Qxe6 12. Qd1 d5 13. Ng5 Qd6 14. Qf3 h6 15. exd5 Qxd5 16. Nge4 Qxd3 17. Nxf6+ gxf6 18. Qxf6 Bxe3 19. fxe3 Qxd2 20. Rf3 Kh7 21. Rg3 Rg8 22. Qxf7+ Kh8 23. Qf6+ Kh7 24. Qf5+ Kh8 25. Qf6+ Kh7 26. Qf7+ Kh8 27. Qf6+ Kh7 28. Qf7+ Kh8 29. Qf6+ Kh7 30. Qf5+ Kh8 31. Qf6+ Kh7 32. Qf7+ Kh8 33. Qf6+ Kh7 34. Qf7+ Kh8 35. Qf6+ Kh7 36. Rxg8 Qxe3+ 37. Kh1 Kxg8 38. Qg6+ Kf8 39. Rf1+ Qf4 40. Rxf4+ exf4 41. Qh7 Ne7 42. Qxh6+ Kf7 43. Qxf4+ Ke6 44. Qe4+ Kd7 45. Qxb7 1-0

[Event "CAN-ch U08"]
[Site "Vancouver"]
[Date "2012.07.04"]
[Round "3"]
[White "Zhao, Ian"]
[Black "Butchart, Kevin"]
[Result "1-0"]
[WhiteElo "971"]
[BlackElo "704"]
[PlyCount "89"]
[EventDate "2012.07.03"]
[EventType "swiss"]
[EventRounds "7"]
[EventCountry "CAN"]
[SourceTitle "EXT 2022"]
[Source "ChessBase"]
[SourceDate "2021.10.06"]
[SourceVersion "1"]
[SourceVersionDate "2021.10.06"]
[SourceQuality "1"]

1. e4 e5 2. Nf3 Nc6 3. d4 exd4 4. Nxd4 Qh4 5. Nc3 Bb4 6. Nxc6 Qxe4+ 7. Qe2 Qxe2+ 8. Bxe2 dxc6 9. 0-0 Nf6 10. a3 Bd6 11. Bg5 Nd5 12. Nxd5 cxd5 13. Bf3 Be6 14. Rfe1 0-0 15. Rad1 c6 16. c4 dxc4 17. Rxd6 Rfe8 18. Red1 h6 19. Be3 Bf5 20. Rc1 Be6 21. Be2 Bf5 22. Rxc4 Re5 23. Rf4 Be4 24. Rd4 Bd5 25. Bc4 Bxc4 26. Rxc4 Rd8 27. Rfd4 Rxd4 28. Rxd4 Kh7 29. Kf1 Kg6 30. Ke2 Kf5 31. Kf3 g5 32. g4+ Ke6 33. Re4 a6 34. Bd4 Rxe4 35. Kxe4 f6 36. f4 a5 37. fxg5 fxg5 38. Bg7 Kf7 39. Bxh6 Kg6 40. Bf8 a4 41. Ke5 c5 42. Bxc5 b5 43. Ke6 Kg7 44. Be7 Kg6 45. h4 1-0